000 00660 a2200217 4500
001 61755
005 20260407155909.0
008 260407a1980 arg spa d
003 AR-UNSa-BCEJYS
040 _aAR-UNSa-BCEJYS
_bspa
_cAR-UNSa-BCEJYS
080 _a347.72
_xSociedades comerciales
245 1 0 _aManual para la formación de sociedades comerciales
_pConstitución - Transformación - Fusión - Escisión
250 _a6a. ed.
264 1 _aBuenos Aires :
_bCangallo
_c1980
300 _a435 p.
_c23 cm.
041 _aspa
942 _cBK
590 _aniveau_biblio:m niveau_hierar:0
100 1 _aCasabal, Carlos María
700 1 _aSturla, Oscar
999 _c7407
_d7407